|
|
|
|
| LEADER |
00000nam a2200000 a 4500 |
| 001 |
vtls011468770 |
| 003 |
SK-MaSNL |
| 005 |
20260301040405.0 |
| 008 |
171219s2009 xr oa g f 001 0 slo |
| 015 |
|
|
|a SNBZSA2016/10
|
| 020 |
|
|
|a 9788071819196
|q (brožované)
|
| 035 |
|
|
|a 1F7D7C82-7A57-469D-B39D-82A59B02AD4B
|
| 035 |
|
|
|a urn:nbn:sk:snk-amyc3a
|
| 035 |
|
|
|a urn:nbn:sk:snk-am00cg61
|
| 040 |
|
|
|a SNK
|b slo
|c SNK
|e AACR2
|
| 041 |
1 |
|
|a slo
|h eng
|
| 044 |
|
|
|a xr
|c CZ
|
| 072 |
|
7 |
|a 133
|x Ezoterizmus. Okultizmus
|2 konspekt
|
| 080 |
|
|
|a 133.6
|2 2011
|
| 080 |
|
|
|a (035)
|2 2011
|
| 080 |
|
|
|a 133
|2 2011
|
| 245 |
0 |
0 |
|a Čítanie z ruky
|c [z anglického originálu preložili Jiří Alexa a Gabriela Kubičková]
|
| 260 |
|
|
|a Praha
|b Ottovo nakladatelství
|c 2009
|
| 300 |
|
|
|a 192 s.
|b fotogr., ilustr., tab.
|c 12 cm
|
| 490 |
1 |
|
|a Ottova encyklopédia do vrecka
|
| 504 |
|
|
|a Register
|
| 650 |
0 |
7 |
|a chiromantia
|2 SNKPH
|9 2086
|
| 650 |
0 |
7 |
|a Palmistry
|2 SNKPHeng
|9 340452
|
| 650 |
0 |
7 |
|a okultizmus
|2 SNKPH
|9 2078
|
| 650 |
0 |
7 |
|a Occultism
|2 SNKPHeng
|9 274109
|
| 650 |
0 |
7 |
|a ezoterika
|2 SNKPH
|9 2083
|
| 650 |
0 |
7 |
|a Esoterism
|2 SNKPHeng
|9 274110
|
| 655 |
|
7 |
|a príručky
|2 SNKPH
|9 74364
|
| 655 |
|
7 |
|a Handbooks, manuals, etc.
|2 SNKPHeng
|9 90964
|
| 700 |
1 |
|
|a Alexa, Jiří
|4 trl
|9 340453
|
| 700 |
1 |
|
|a Kubičková, Gabriela
|4 trl
|9 86993
|
| 830 |
|
0 |
|a Ottova encyklopédia do vrecka
|9 340454
|
| 919 |
|
|
|a 978-80-7181-919-6
|
| 958 |
|
|
|a ZS
|
| 958 |
|
|
|a NB
|
| 999 |
|
|
|c 586049
|d 587979
|
| 952 |
|
|
|a SNK
|b SNK
|y PREZ
|7 0
|p 17A1177884
|o snkSE 13115
|i snk2016/2407
|8 4
|g 2.09
|0 0
|1 0
|4 0
|d 2016-01-26
|f 1
|l 0
|r 2026-02-23 15:08:08
|w 2026-02-23
|